01311nam a22004335i 4500001001800000003000900018005001700027007001500044008004100059020003700100024003500137050001200172072001500184072002300199082001200222100002100234245009500255260006100350300001300411650001700424650002300441650002200464650002700486650001300513650001700526650001700543650002600560650002200586650002800608650002400636650002200660650002600682710003400708773002000742776003600762856004800798912001400846999001700860978-3-642-11672-8DE-He21320130515022011.0cr nn 008mamaa100803s2010 gw | s |||| 0|eng d a97836421167289978-3-642-11672-87 a10.1007/978-3-642-11672-82doi 4aQA1-939 7aPB2bicssc 7aMAT0000002bisacsh04a5102231 aStubhaug, Arild.10aGösta Mittag-Lefflerh[electronic resource] :bA Man of Conviction /cby Arild Stubhaug. aBerlin, Heidelberg :bSpringer Berlin Heidelberg,c2010. bdigital. 0aMathematics. 0aScience (General). 0aSciencexHistory. 0aMathematics_$xHistory. 0aPhysics. 0aEngineering.14aMathematics.24aMathematics, general.24aScience, general.24aHistory of Mathematics.24aHistory of Science.24aPhysics, general.24aEngineering, general.2 aSpringerLink (Online service)0 tSpringer eBooks08iPrinted edition:z978364211671140uhttp://dx.doi.org/10.1007/978-3-642-11672-8 aZDB-2-SMA c83062d83062